[Event "1. Bundesliga 2019/2020"]
[Site "Volkshaus Bindermichl, Linz"]
[Date "2019.10.13"]
[Round "4"]
[Board "4"]
[White "Plachetka, Jan"]
[Black "Anistratov, Dmitrij"]
[Result "1/2-1/2"]
[WhiteElo "2313"]
[BlackElo "2237"]
[PlyCount "61"]
[EventDate "2019.10.10"]
[EventType "team"]
[EventRounds "11"]
[EventCountry "AUT"]
[WhiteTeam "SK Sparkasse Bad Voeslau"]
[BlackTeam "SK Sparkasse Goetzis"]

1.d4 d6 2.e4 g6 3.Nc3 Bg7 4.Be3 a6 5.Qd2 Nd7 6.O-O-O c6 7.Kb1 b5 8.h4 h5 9.f3 Nb6
10.Bd3 Qc7 11.Qf2 Nf6 12.Nge2 b4 13.e5 dxe5 14.dxe5 Nfd5 15.Nxd5 Nxd5 16.f4 Nxe3 17.Qxe3
Bg4 18.Qc5 a5 19.Be4 O-O 20.Bf3 Bxf3 21.gxf3 Qa7 22.Qxc6 Rfc8 23.Qe4 e6 24.Rhg1 Rab8
25.Nd4 Rb6 26.Rg2 a4 27.Rgd2 Qe7 28.Qe3 Rb7 29.Qe4 Rb6 30.Qe3 Rb7 31.Qe4 1/2-1/2

[Event "1. Bundesliga 2019/2020"]
[Site "Volkshaus Bindermichl, Linz"]
[Date "2019.10.13"]
[Round "4"]
[Board "5"]
[White "Gretz, Denis"]
[Black "Grimm, Daniel"]
[Result "1/2-1/2"]
[WhiteElo "2318"]
[BlackElo "2284"]
[PlyCount "96"]
[EventDate "2019.10.10"]
[EventType "team"]
[EventRounds "11"]
[EventCountry "AUT"]
[WhiteTeam "SK Sparkasse Goetzis"]
[BlackTeam "SK Sparkasse Bad Voeslau"]

1.e4 d5 2.exd5 Qxd5 3.Nc3 Qa5 4.d4 Nf6 5.Nf3 Bf5 6.Bd2 e6 7.Bc4 Bb4 8.O-O O-O 9.a3
Bxc3 10.Bxc3 Qb6 11.Qe2 Nc6 12.h3 Rad8 13.Bb5 Be4 14.Bxc6 Bxc6 15.Rfd1 Qb5 16.Qxb5
Bxb5 17.Ne5 Nd7 18.Nd3 Nf6 19.b3 Nd5 20.Bb2 Bxd3 21.Rxd3 Nf4 22.Rd2 e5 23.d5 Rxd5
24.Rxd5 Nxd5 25.Rd1 c6 26.Bxe5 f6 27.Bd4 b6 28.c4 Nc7 29.Be3 Rf7 30.b4 Ne8 31.Rd8
Re7 32.Rc8 Re6 33.a4 Kf7 34.g4 c5 35.bxc5 bxc5 36.Bxc5 Ra6 37.Ra8 Rxa4 38.Rxa7+ Rxa7
39.Bxa7 Nd6 40.c5 Nb5 41.Bb6 Ke6 42.Kg2 Kd5 43.Kf3 Nd4+ 44.Ke3 Ne6 45.h4 Nd4 46.h5
g6 47.h6 Ne6 48.Ba7 Ng5 1/2-1/2

[Event "1. Bundesliga 2019/2020"]
[Site "Volkshaus Bindermichl, Linz"]
[Date "2019.10.13"]
[Round "4"]
[Board "6"]
[White "Miazhynski, Yuri"]
[Black "Neyman, Igor"]
[Result "0-1"]
[WhiteElo "2147"]
[BlackElo "2345"]
[PlyCount "94"]
[EventDate "2019.10.10"]
[EventType "team"]
[EventRounds "11"]
[EventCountry "AUT"]
[WhiteTeam "SK Sparkasse Bad Voeslau"]
[BlackTeam "SK Sparkasse Goetzis"]

1.e4 c5 2.Ne2 Nc6 3.c4 d6 4.Nbc3 g6 5.g3 Bg7 6.Bg2 e6 7.O-O Nge7 8.d3 O-O 9.Be3 Nd4
10.Qd2 Nec6 11.Bxd4 cxd4 12.Nd1 a5 13.f4 f5 14.Nf2 e5 15.Rae1 Bd7 16.Kh1 Qb6 17.fxe5
dxe5 18.Ng1 Qb4 19.Qe2 Rae8 20.Nf3 Bh6 21.Nh4 Qd2 22.Bh3 Qxe2 23.Rxe2 Bc8 24.Kg2 Bg5
25.Nf3 Be3 26.exf5 gxf5 27.Nd1 e4 28.Ne1 Bg5 29.dxe4 Kg7 30.Ref2 fxe4 31.Bxc8 Rxc8
32.Rxf8 Rxf8 33.Rxf8 Kxf8 34.Kf2 Ke7 35.h4 Bc1 36.b3 Kd6 37.Ke2 Nb4 38.Nf2 Ke5 39.g4
Nxa2 40.Ng2 Nc3+ 41.Ke1 d3 42.Kf1 Kd4 43.Ne1 Be3 44.g5 Bxf2 45.Kxf2 e3+ 46.Kf3 e2
47.h5 d2 0-1

[Event "1. Bundesliga 2019/2020"]
[Site "Volkshaus Bindermichl, Linz"]
[Date "2019.10.13"]
[Round "4"]
[Board "1"]
[White "Topakian, Raffi"]
[Black "Brkic, Ante"]
[Result "1/2-1/2"]
[WhiteElo "2412"]
[BlackElo "2595"]
[PlyCount "119"]
[EventDate "2019.10.10"]
[EventType "team"]
[EventRounds "11"]
[EventCountry "AUT"]
[WhiteTeam "Union Ansfelden"]
[BlackTeam "SV Pillenkoenig St. Veit"]

1.Nf3 d5 2.g3 g6 3.Bg2 Bg7 4.O-O e5 5.d3 Ne7 6.e4 Nbc6 7.exd5 Nxd5 8.Nc3 Nde7 9.a4
O-O 10.a5 h6 11.a6 b6 12.Nb5 Bg4 13.h3 Be6 14.Re1 Qd7 15.Kh2 Rad8 16.Bd2 g5 17.Bc3
Ng6 18.Nd2 Nce7 19.Na3 Nd5 20.Nac4 Nxc3 21.bxc3 f5 22.Qh5 Bf7 23.Qe2 e4 24.dxe4 Bxc3
25.Rad1 Qe6 26.Qf3 Bxd2 27.Nxd2 f4 28.e5 Nxe5 29.Qc3 Rfe8 30.gxf4 gxf4 31.Nf3 Rxd1
32.Rxd1 Qc4 33.Qxc4 Bxc4 34.Nxe5 Rxe5 35.Rd8+ Kf7 36.Ra8 Bxa6 37.Rxa7 Be2 38.Rxc7+
Kf6 39.Rc6+ Re6 40.Rc3 b5 41.Bf3 Bc4 42.Ra3 Rd6 43.h4 Ke5 44.c3 Kf5 45.Kg2 Bd5 46.Bxd5
Rxd5 47.Ra6 h5 48.Rc6 Kg4 49.Rg6+ Kxh4 50.Kf3 Rd3+ 51.Kxf4 Rxc3 52.Rg1 Rc4+ 53.Ke5
Rc5+ 54.Ke6 Rg5 55.Rf1 b4 56.f4 Rb5 57.f5 Rb6+ 58.Ke7 Rb7+ 59.Ke6 Rb6+ 60.Ke7 1/2-1/2

[Event "1. Bundesliga 2019/2020"]
[Site "Volkshaus Bindermichl, Linz"]
[Date "2019.10.13"]
[Round "4"]
[Board "2"]
[White "Saric, Ante"]
[Black "Menezes, Christoph"]
[Result "1/2-1/2"]
[WhiteElo "2541"]
[BlackElo "2398"]
[PlyCount "78"]
[EventDate "2019.10.10"]
[EventType "team"]
[EventRounds "11"]
[EventCountry "AUT"]
[WhiteTeam "SV Pillenkoenig St. Veit"]
[BlackTeam "Union Ansfelden"]

1.Nf3 d5 2.d4 Nf6 3.c4 e6 4.g3 Be7 5.Bg2 O-O 6.O-O dxc4 7.Qc2 a6 8.a4 Bd7 9.Qxc4 Bc6
10.Bg5 h6 11.Bxf6 Bxf6 12.Nc3 Bxf3 13.Bxf3 Qxd4 14.Qxc7 Nc6 15.Qxb7 Na5 16.Qe4 Rab8
17.Rad1 Qb6 18.Qf4 Bg5 19.Qd4 Qxb2 20.Ne4 Qxd4 21.Rxd4 Rfd8 22.Rfd1 Nc6 23.Rxd8+ Rxd8
24.Rb1 Be7 25.Rb7 Kf8 26.e3 a5 27.Nc3 Ne5 28.Be2 Bb4 29.Nb5 Nd7 30.Nd4 Nc5 31.Ra7
g6 32.Bb5 Bc3 33.Nc6 Rd1+ 34.Kg2 Rd2 35.Kf1 Rd1+ 36.Ke2 Rd2+ 37.Kf1 Rd1+ 38.Ke2 Rd2+
39.Kf1 Rd1+ 1/2-1/2

[Event "1. Bundesliga 2019/2020"]
[Site "Volkshaus Bindermichl, Linz"]
[Date "2019.10.13"]
[Round "4"]
[Board "3"]
[White "Weiss, Christian"]
[Black "Antoniewski, Rafal"]
[Result "1/2-1/2"]
[WhiteElo "2369"]
[BlackElo "2492"]
[PlyCount "72"]
[EventDate "2019.10.10"]
[EventType "team"]
[EventRounds "11"]
[EventCountry "AUT"]
[WhiteTeam "Union Ansfelden"]
[BlackTeam "SV Pillenkoenig St. Veit"]

1.d4 f5 2.g3 Nf6 3.Bg2 g6 4.Nf3 Bg7 5.O-O O-O 6.c4 d6 7.Nc3 c6 8.Rb1 Qe8 9.d5 Na6
10.Nd4 Bd7 11.Re1 Nc5 12.Nb3 Nce4 13.Nxe4 fxe4 14.f4 cxd5 15.cxd5 a5 16.Nd2 Bf5 17.Nf1
Qb5 18.Ne3 a4 19.Qd2 Bd7 20.Rd1 Rfc8 21.Kf1 a3 22.b4 Ra4 23.Rb3 Qa6 24.Nc2 Kh8 25.Kg1
Nxd5 26.Qxd5 Rxc2 27.b5 Qa8 28.Bxe4 Rc5 29.Qxb7 Qxb7 30.Bxb7 Rxb5 31.Rxb5 Bxb5 32.Kf2
Rc4 33.Bxa3 Rc2 34.Bf3 Rxa2 35.Bb4 Rb2 36.Ba5 Ra2 1/2-1/2

[Event "1. Bundesliga 2019/2020"]
[Site "Volkshaus Bindermichl, Linz"]
[Date "2019.10.13"]
[Round "4"]
[Board "4"]
[White "Hoelzl, Franz"]
[Black "Knoll, Hermann"]
[Result "0-1"]
[WhiteElo "2292"]
[BlackElo "2323"]
[PlyCount "146"]
[EventDate "2019.10.10"]
[EventType "team"]
[EventRounds "11"]
[EventCountry "AUT"]
[WhiteTeam "SV Pillenkoenig St. Veit"]
[BlackTeam "Union Ansfelden"]

1.c4 e5 2.d3 Nf6 3.Nf3 d6 4.g3 g6 5.Bg2 c6 6.O-O a5 7.c5 Bg7 8.cxd6 Qxd6 9.Nbd2 Nd5
10.Nc4 Qc7 11.e4 Nb6 12.Nxb6 Qxb6 13.Qe2 c5 14.Be3 Nc6 15.Nd2 Be6 16.Rac1 Qxb2 17.Bxc5
Nd4 18.Bxd4 Qxd4 19.Nb3 Bxb3 20.axb3 b5 21.Qe3 Rd8 22.Qxd4 Rxd4 23.Rc8+ Kd7 24.Rc5
Rb8 25.Rfc1 Rxd3 26.b4 axb4 27.Bf1 Rd4 28.Bxb5+ Kd8 29.Bc4 b3 30.Bxf7 b2 31.Rb1 Rxe4
32.Bg8 h6 33.Bh7 Rb6 34.h4 Ra4 35.Bxg6 Rxg6 36.Rxb2 Ra7 37.Rb8+ Ke7 38.Kg2 Rd6 39.Rcb5
h5 40.R8b7+ Rxb7 41.Rxb7+ Kf6 42.Kf3 Rd3+ 43.Ke4 Rd4+ 44.Ke3 Bh6+ 45.Ke2 Bf8 46.Rb5
Kf5 47.Rb8 Bc5 48.Rh8 Ra4 49.Rxh5+ Ke4 50.f3+ Kd4 51.Rf5 Ra2+ 52.Kf1 Kd5 53.h5 Rf2+
54.Ke1 Rh2 55.g4 Be3 56.Rf8 Kc4 57.Ra8 Bc5 58.Rc8 Kd5 59.Rd8+ Ke6 60.Re8+ Kf6 61.Rg8
Kf7 62.Rb8 Bf2+ 63.Kd1 Be3 64.Rb3 Bd4 65.Ke1 Kf6 66.Rb8 Ke6 67.Rg8 Kd5 68.Rc8 Be3
69.Rd8+ Kc4 70.Rd6 Bf2+ 71.Kf1 Bd4 72.Ra6 Rf2+ 73.Ke1 Rxf3 0-1

[Event "1. Bundesliga 2019/2020"]
[Site "Volkshaus Bindermichl, Linz"]
[Date "2019.10.13"]
[Round "4"]
[Board "5"]
[White "Mostbauer, Florian"]
[Black "Ceschia, Ivano"]
[Result "0-1"]
[WhiteElo "2302"]
[BlackElo "2259"]
[PlyCount "76"]
[EventDate "2019.10.10"]
[EventType "team"]
[EventRounds "11"]
[EventCountry "AUT"]
[WhiteTeam "Union Ansfelden"]
[BlackTeam "SV Pillenkoenig St. Veit"]

1.Nf3 Nf6 2.e3 g6 3.c4 Bg7 4.d4 d6 5.Be2 O-O 6.O-O c6 7.Nc3 a6 8.Qc2 b5 9.a3 Bf5 10.Qd1
d5 11.cxd5 cxd5 12.Bd2 Nc6 13.Na2 Ne4 14.Rc1 Nxd2 15.Nxd2 Qd6 16.Nb3 e5 17.Qd2 exd4
18.Nxd4 Nxd4 19.exd4 Rfe8 20.Nc3 Rad8 21.Rfe1 Qf6 22.Rcd1 Qh4 23.Bf3 Bh6 24.g3 Qh3
25.Bg2 Bxd2 26.Rxe8+ Rxe8 27.Bxh3 Bxh3 28.Nxd5 Bg5 29.f4 Bd8 30.Kf2 Be6 31.Nb4 Bg4
32.Rd2 Ba5 33.d5 Bxb4 34.axb4 Kf8 35.d6 Rc8 36.Ke3 Ke8 37.Kd4 f6 38.h3 Be6 0-1

[Event "1. Bundesliga 2019/2020"]
[Site "Volkshaus Bindermichl, Linz"]
[Date "2019.10.13"]
[Round "4"]
[Board "6"]
[White "Riemelmoser, Franz"]
[Black "Windhager, Hannes"]
[Result "1-0"]
[WhiteElo "2235"]
[BlackElo "2211"]
[PlyCount "161"]
[EventDate "2019.10.10"]
[EventType "team"]
[EventRounds "11"]
[EventCountry "AUT"]
[WhiteTeam "SV Pillenkoenig St. Veit"]
[BlackTeam "Union Ansfelden"]

1.c4 e5 2.Nc3 Nf6 3.Nf3 Nc6 4.e3 Bb4 5.Qc2 Bxc3 6.bxc3 d6 7.e4 O-O 8.g3 Nd7 9.Nh4
Nc5 10.Bg2 a6 11.Rb1 b5 12.Bf1 Be6 13.cxb5 axb5 14.a3 d5 15.Bxb5 Na5 16.d4 exd4 17.cxd4
Nxe4 18.O-O Nd6 19.Bd3 h6 20.Re1 Nac4 21.Bh7+ Kh8 22.Rxe6 fxe6 23.Ng6+ Kxh7 24.Nxf8+
Kg8 25.Nxe6 Qd7 26.Qg6 Re8 27.Nf4 Qf5 28.Qxf5 Re1+ 29.Kg2 Nxf5 30.Nxd5 Nxd4 31.Rb8+
Kf7 32.Bb2 Nxb2 33.Rxb2 Ra1 34.Rb7 Rxa3 35.Rxc7+ Kf8 36.h4 Ne6 37.Rb7 Nc5 38.Rb4 Ra4
39.Rb8+ Kf7 40.Nf4 Ra7 41.Rb5 Rc7 42.h5 Nd7 43.g4 Ra7 44.Kg3 Nf6 45.f3 Rd7 46.Ng6
Rc7 47.Rb8 Ne8 48.Kf4 Nd6 49.Ke5 Ne8 50.Nh8+ Ke7 51.Kf5 Rc5+ 52.Kf4 Rc4+ 53.Ke5 Rc5+
54.Kd4 Rc7 55.Ng6+ Kf7 56.f4 Rd7+ 57.Ke5 Ra7 58.Rb5 Rc7 59.Nh8+ Kg8 60.Ng6 Kf7 61.Kd4
Rd7+ 62.Ke3 Rc7 63.Rf5+ Ke6 64.Re5+ Kf7 65.Rb5 Nf6 66.Ne5+ Ke6 67.Kd4 Ke7 68.Rb6 Ne8
69.Ke4 Nd6+ 70.Kd5 Ne8 71.g5 hxg5 72.fxg5 Kf8 73.Ke6 Re7+ 74.Kf5 Rc7 75.Kg6 Re7 76.Rb5
Kg8 77.Ra5 Nd6 78.Ra8+ Re8 79.Rxe8+ Nxe8 80.Nf7 Nc7 81.h6 1-0

[Event "1. Bundesliga 2019/2020"]
[Site "Volkshaus Bindermichl, Linz"]
[Date "2019.10.13"]
[Round "4"]
[Board "1"]
[White "Kunin, Vitaly"]
[Black "Nisipeanu, Liviu-Dieter"]
[Result "1/2-1/2"]
[WhiteElo "2560"]
[BlackElo "2655"]
[PlyCount "60"]
[EventDate "2019.10.10"]
[EventType "team"]
[EventRounds "11"]
[EventCountry "AUT"]
[WhiteTeam "SK Bregenz 1920"]
[BlackTeam "SK Sparkasse Jenbach"]

1.d4 d5 2.c4 e6 3.Nc3 c6 4.e3 Bd6 5.Qc2 f5 6.f4 Nf6 7.Nf3 O-O 8.Be2 Bd7 9.O-O Be8
10.Bd2 Nbd7 11.Be1 Bh5 12.Bh4 Qe8 13.Bxf6 Nxf6 14.Ne5 Bxe2 15.Qxe2 Qe7 16.c5 Bxe5
17.fxe5 Ne4 18.Nxe4 fxe4 19.Rxf8+ Rxf8 20.Rf1 Rxf1+ 21.Qxf1 Qg5 22.Qf2 h5 23.h3 h4
24.b4 Qg3 25.Qxg3 hxg3 26.Kf1 Kf7 27.Ke2 Ke7 28.a4 a6 29.a5 g5 30.Ke1 Ke8 1/2-1/2

[Event "1. Bundesliga 2019/2020"]
[Site "Volkshaus Bindermichl, Linz"]
[Date "2019.10.13"]
[Round "4"]
[Board "2"]
[White "Svane, Rasmus"]
[Black "Sergeev, Vladimir"]
[Result "1/2-1/2"]
[WhiteElo "2613"]
[BlackElo "2419"]
[PlyCount "74"]
[EventDate "2019.10.10"]
[EventType "team"]
[EventRounds "11"]
[EventCountry "AUT"]
[WhiteTeam "SK Sparkasse Jenbach"]
[BlackTeam "SK Bregenz 1920"]

1.d4 Nf6 2.c4 e6 3.Nf3 b6 4.g3 Bb4+ 5.Bd2 Bxd2+ 6.Qxd2 Ba6 7.b3 c6 8.Bg2 d5 9.O-O
Nbd7 10.Rc1 O-O 11.a4 Ne4 12.Qb2 c5 13.cxd5 exd5 14.Nc3 Ndf6 15.a5 Re8 16.e3 bxa5
17.Qa3 Nxc3 18.Rxc3 Ne4 19.Rc2 Bd3 20.Rb2 Rc8 21.h3 cxd4 22.Nxd4 h6 23.Qxa5 Rc1+ 24.Kh2
Rxa1 25.Qxa1 Qb6 26.Qd1 Qa6 27.b4 Bc4 28.b5 Qb6 29.Qa4 Nd6 30.Qb4 g6 31.Nc6 Qxb5 32.Nxa7
Qxb4 33.Rxb4 Ra8 34.Nc6 Ra2 35.Kg1 Ra1+ 36.Kh2 Ra2 37.Kg1 Ra1+ 1/2-1/2

[Event "1. Bundesliga 2019/2020"]
[Site "Volkshaus Bindermichl, Linz"]
[Date "2019.10.13"]
[Round "4"]
[Board "3"]
[White "Dobosz, Henryk"]
[Black "Wagner, Dennis"]
[Result "0-1"]
[WhiteElo "2379"]
[BlackElo "2581"]
[PlyCount "56"]
[EventDate "2019.10.10"]
[EventType "team"]
[EventRounds "11"]
[EventCountry "AUT"]
[WhiteTeam "SK Bregenz 1920"]
[BlackTeam "SK Sparkasse Jenbach"]

1.d4 Nf6 2.c4 g6 3.Nc3 d5 4.Nf3 Bg7 5.Bg5 Ne4 6.Bf4 Nxc3 7.bxc3 dxc4 8.Qa4+ Nd7 9.Qxc4
c5 10.e3 Qa5 11.Nd2 cxd4 12.cxd4 e5 13.dxe5 O-O 14.Rb1 Nxe5 15.Qb5 Qc3 16.Qb3 Qxb3
17.Rxb3 Be6 18.Rb5 Nd7 19.Rxb7 Rfc8 20.Be2 Rc2 21.Bd1 Rxa2 22.Rc7 Ne5 23.Bc2 Nc4 24.Be4
Rd8 25.Nb1 a5 26.O-O a4 27.Rc1 Ra1 28.R1xc4 Rd1# 0-1

[Event "1. Bundesliga 2019/2020"]
[Site "Volkshaus Bindermichl, Linz"]
[Date "2019.10.13"]
[Round "4"]
[Board "4"]
[White "Acs, Peter"]
[Black "Hess, Max"]
[Result "1-0"]
[WhiteElo "2566"]
[BlackElo "2378"]
[PlyCount "95"]
[EventDate "2019.10.10"]
[EventType "team"]
[EventRounds "11"]
[EventCountry "AUT"]
[WhiteTeam "SK Sparkasse Jenbach"]
[BlackTeam "SK Bregenz 1920"]

1.e4 c5 2.Nf3 e6 3.d3 Nc6 4.g3 Nf6 5.Bg2 d6 6.O-O Be7 7.Nbd2 O-O 8.Re1 Bd7 9.c3 Rc8
10.a3 b5 11.b3 Ne5 12.Qe2 Bc6 13.Bb2 Nxf3+ 14.Bxf3 Qb6 15.d4 cxd4 16.cxd4 Rc7 17.Qd3
Rfc8 18.d5 Bd7 19.Bd4 Qa6 20.b4 e5 21.Bb2 Rc2 22.Rab1 Qb6 23.Bd1 Ng4 24.Rf1 R2c7 25.Nb3
Bg5 26.Kg2 f5 27.exf5 Nf6 28.Na5 e4 29.Qb3 Bxf5 30.Nc6 e3 31.Bxf6 Bxf6 32.Bc2 Bxc2
33.Qxc2 exf2 34.Rxf2 Re8 35.Re2 Rcc8 36.Rbe1 Rxe2+ 37.Qxe2 Qc7 38.Nxa7 Rb8 39.Nxb5
Qf7 40.Qd3 Be5 41.a4 h5 42.Rf1 Qe7 43.Qf5 Ra8 44.Qe6+ Qxe6 45.dxe6 Bf6 46.Rxf6 gxf6
47.Nc7 Rc8 48.e7 1-0

[Event "1. Bundesliga 2019/2020"]
[Site "Volkshaus Bindermichl, Linz"]
[Date "2019.10.13"]
[Round "4"]
[Board "5"]
[White "Ciolek, Andreas"]
[Black "Schlosser, Philipp"]
[Result "1/2-1/2"]
[WhiteElo "2230"]
[BlackElo "2509"]
[PlyCount "44"]
[EventDate "2019.10.10"]
[EventType "team"]
[EventRounds "11"]
[EventCountry "AUT"]
[WhiteTeam "SK Bregenz 1920"]
[BlackTeam "SK Sparkasse Jenbach"]

1.e4 c5 2.Nf3 e6 3.d3 Nc6 4.g3 Nge7 5.Bg2 g6 6.O-O Bg7 7.c3 O-O 8.Nbd2 d6 9.Qe2 h6
10.Nh4 e5 11.f4 exf4 12.gxf4 f5 13.Kh1 Kh7 14.Ndf3 Be6 15.Be3 Qd7 16.Rg1 Rae8 17.Qf2
b6 18.Qg3 Rg8 19.Qh3 Rh8 20.Qg3 Rhg8 21.Qh3 Rh8 22.Qg3 Rhg8 1/2-1/2

[Event "1. Bundesliga 2019/2020"]
[Site "Volkshaus Bindermichl, Linz"]
[Date "2019.10.13"]
[Round "4"]
[Board "6"]
[White "Yankelevich, Lev"]
[Black "Amann, Harald"]
[Result "1-0"]
[WhiteElo "2461"]
[BlackElo "1935"]
[PlyCount "87"]
[EventDate "2019.10.10"]
[EventType "team"]
[EventRounds "11"]
[EventCountry "AUT"]
[WhiteTeam "SK Sparkasse Jenbach"]
[BlackTeam "SK Bregenz 1920"]

1.d4 Nf6 2.c4 e6 3.Nf3 d5 4.Nc3 Be7 5.Bf4 c6 6.e3 O-O 7.Bd3 dxc4 8.Bxc4 Nd5 9.Bg3
Nxc3 10.bxc3 Qa5 11.Qd3 Nd7 12.O-O Rd8 13.a4 b6 14.Bc7 Re8 15.e4 Bb7 16.Rfe1 Rac8
17.Bf4 Rcd8 18.h3 Qh5 19.Rad1 Nf6 20.Ne5 Nd7 21.Nf3 Nf6 22.Bc7 Rc8 23.Bh2 Rcd8 24.Ba6
Ba8 25.Bc7 Rd7 26.Bf4 Rdd8 27.Qc2 Qa5 28.Bd3 h6 29.c4 Bb4 30.Re3 Bb7 31.g4 Nd7 32.Bc7
Rc8 33.Bg3 Bf8 34.Rb1 Ba8 35.h4 Red8 36.g5 g6 37.e5 c5 38.Bxg6 cxd4 39.Nxd4 Qc5 40.Bxf7+
Kxf7 41.Qh7+ Bg7 42.g6+ Ke8 43.Nxe6 Qc6 44.Qg8+ 1-0

[Event "1. Bundesliga 2019/2020"]
[Site "Volkshaus Bindermichl, Linz"]
[Date "2019.10.13"]
[Round "4"]
[Board "1"]
[White "Dragnev, Valentin"]
[Black "Hera, Imre"]
[Result "1-0"]
[WhiteElo "2551"]
[BlackElo "2611"]
[PlyCount "69"]
[EventDate "2019.10.10"]
[EventType "team"]
[EventRounds "11"]
[EventCountry "AUT"]
[WhiteTeam "mpimmo Wien - SK Ottakring"]
[BlackTeam "Spg. Sallegger Tech. Fuerstenfeld/Hartber"]

1.d4 Nf6 2.c4 d6 3.Nc3 e5 4.Nf3 Nbd7 5.e4 g6 6.Be2 Bg7 7.O-O O-O 8.Be3 Re8 9.d5 Nh5
10.g3 Bf8 11.Ne1 Ng7 12.Nd3 f5 13.f3 Be7 14.Qd2 Rf8 15.Kh1 Nf6 16.Nf2 Kh8 17.f4 exf4
18.Bxf4 Nxe4 19.Nfxe4 fxe4 20.g4 Bh4 21.c5 h5 22.cxd6 cxd6 23.Nxe4 Qe7 24.Qd4 Bxg4
25.Bxg4 hxg4 26.Bxd6 Rxf1+ 27.Rxf1 Qd7 28.Be5 Kh7 29.Nc5 Qe8 30.Bxg7 Qe2 31.Rf7 Kg8
32.Bh6 Qe1+ 33.Kg2 Qe2+ 34.Kg1 Qe1+ 35.Rf1 1-0

[Event "1. Bundesliga 2019/2020"]
[Site "Volkshaus Bindermichl, Linz"]
[Date "2019.10.13"]
[Round "4"]
[Board "2"]
[White "Korpa, Bence"]
[Black "Banusz, Tamas"]
[Result "0-1"]
[WhiteElo "2546"]
[BlackElo "2623"]
[PlyCount "136"]
[EventDate "2019.10.10"]
[EventType "team"]
[EventRounds "11"]
[EventCountry "AUT"]
[WhiteTeam "Spg. Sallegger Tech. Fuerstenfeld/Hartber"]
[BlackTeam "mpimmo Wien - SK Ottakring"]

1.d4 d5 2.Bf4 Nf6 3.e3 c5 4.Nf3 Nc6 5.Nbd2 e6 6.c3 Bd6 7.Bg3 O-O 8.Bd3 Qe7 9.Ne5 Nd7
10.Nxd7 Qxd7 11.Bxd6 Qxd6 12.f4 cxd4 13.cxd4 Bd7 14.a3 Ne7 15.Qb3 Rfc8 16.Kf2 Rc7
17.Rhc1 Rac8 18.Rxc7 Qxc7 19.Nf3 Be8 20.Re1 f6 21.Re2 Bg6 22.Rc2 Qd7 23.Bxg6 hxg6
24.Ne1 Nf5 25.Rxc8+ Qxc8 26.Qc2 Qd7 27.Nf3 Qb5 28.Nd2 Nd6 29.Qc3 Nc4 30.Nxc4 dxc4
31.Qc2 f5 32.Ke1 Qd5 33.Kf2 Kf7 34.Qa4 a6 35.Qb4 Ke8 36.Qa4+ Ke7 37.Qb4+ Ke8 38.Qa4+
Kd8 39.Qb4 Kc7 40.Qe7+ Kb6 41.Qxg7 Qb5 42.d5 Qxd5 43.Qxg6 Ka5 44.Qg7 Qd2+ 45.Kf3 b5
46.h4 Ka4 47.Qh8 Kb3 48.h5 e5 49.fxe5 Qxb2 50.h6 c3 51.e6 Qb1 52.Qc8 Qe4+ 53.Kf2 c2
54.h7 Qh4+ 55.Ke2 Qh5+ 56.Ke1 Qh1+ 57.Kf2 Qxh7 58.Qc5 Qh4+ 59.Ke2 Qe4 60.e7 Qxg2+
61.Ke1 Qh1+ 62.Kf2 c1=Q 63.Qxc1 Qxc1 64.e8=Q Qc2+ 65.Kg3 Qe4 66.Qf8 Qxe3+ 67.Kg2 Qe4+
68.Kf2 a5 0-1

[Event "1. Bundesliga 2019/2020"]
[Site "Volkshaus Bindermichl, Linz"]
[Date "2019.10.13"]
[Round "4"]
[Board "3"]
[White "Papp, Gabor"]
[Black "Ruck, Robert"]
[Result "1-0"]
[WhiteElo "2597"]
[BlackElo "2537"]
[PlyCount "145"]
[EventDate "2019.10.10"]
[EventType "team"]
[EventRounds "11"]
[EventCountry "AUT"]
[WhiteTeam "mpimmo Wien - SK Ottakring"]
[BlackTeam "Spg. Sallegger Tech. Fuerstenfeld/Hartber"]

1.e4 c6 2.d4 d5 3.Nc3 dxe4 4.Nxe4 Bf5 5.Ng3 Bg6 6.h4 h6 7.Nf3 Nd7 8.h5 Bh7 9.Bd3 Bxd3
10.Qxd3 e6 11.Bd2 Ngf6 12.O-O-O Be7 13.Kb1 Qb6 14.Nh4 O-O-O 15.c4 Qc7 16.Qe2 Bd6 17.Ne4
Nxe4 18.Qxe4 Nf6 19.Qe2 c5 20.Nf3 cxd4 21.Nxd4 Bc5 22.Nb3 a6 23.g4 Rd7 24.Bc3 Be7
25.Be5 Qc6 26.f3 Rhd8 27.Rxd7 Qxd7 28.Kc2 Qc6 29.Rc1 Nd5 30.Kb1 Nb4 31.Bxg7 Qa4 32.a3
Qxb3 33.axb4 Bg5 34.Rc2 Qxb4 35.Be5 Qc5 36.f4 Be7 37.Bc3 Qc6 38.Rc1 Bd6 39.Rf1 Qc7
40.Qe4 Rg8 41.g5 Qe7 42.gxh6 f6 43.Rd1 Bc7 44.c5 Kb8 45.c6 Qf7 46.cxb7 Qxh5 47.Rh1
Qf7 48.h7 Rh8 49.Rh6 Bd8 50.Qc6 Qxb7 51.Qd6+ Qc7 52.Qxa6 Rxh7 53.Qb5+ Kc8 54.Qa6+
Kb8 55.Bb4 Rxh6 56.Bd6 f5 57.Ka2 Rh4 58.Qb6+ Kc8 59.Bxc7 Bxc7 60.Qxe6+ Kb7 61.Qd5+
Kb8 62.Qb5+ Ka7 63.Qc5+ Kb7 64.b4 Rxf4 65.b5 Ra4+ 66.Kb3 Re4 67.Qc6+ Kb8 68.b6 Bg3
69.Qd7 Re1 70.Qa7+ Kc8 71.b7+ Kd8 72.Qa5+ Kd7 73.Qxe1 1-0

[Event "1. Bundesliga 2019/2020"]
[Site "Volkshaus Bindermichl, Linz"]
[Date "2019.10.13"]
[Round "4"]
[Board "4"]
[White "Mesaros, Florian"]
[Black "Froewis, Georg"]
[Result "0-1"]
[WhiteElo "2410"]
[BlackElo "2459"]
[PlyCount "84"]
[EventDate "2019.10.10"]
[EventType "team"]
[EventRounds "11"]
[EventCountry "AUT"]
[WhiteTeam "Spg. Sallegger Tech. Fuerstenfeld/Hartber"]
[BlackTeam "mpimmo Wien - SK Ottakring"]

1.d4 d5 2.c4 e6 3.Nc3 c6 4.e3 Nf6 5.Nf3 Nbd7 6.Qc2 Bd6 7.Bd3 O-O 8.O-O dxc4 9.Bxc4
e5 10.h3 h6 11.a3 Re8 12.b4 Qe7 13.Bb2 e4 14.Nd2 Nb6 15.Be2 Nbd5 16.Rfc1 Nxc3 17.Bxc3
Nd5 18.b5 Qh4 19.Nc4 Bc7 20.Be1 Qg5 21.Kh1 cxb5 22.Nd2 Bf5 23.Qb3 Rad8 24.Rc5 Be6
25.Qxb5 Bb6 26.Rcc1 Bd7 27.Qb2 Bf5 28.Nc4 Re6 29.Ne5 Bc7 30.Rxc7 Nxc7 31.Qxb7 Nd5
32.Qxf7+ Kh7 33.Ba5 Rdd6 34.Qxa7 Nxe3 35.fxe3 Qxe3 36.Qf7 Rf6 37.Qa2 Bxh3 38.Ng4 Bxg4
39.Bxg4 Rf2 40.Qb1 Rg6 41.Qd1 Qg3 42.Bh3 Rxg2 0-1

[Event "1. Bundesliga 2019/2020"]
[Site "Volkshaus Bindermichl, Linz"]
[Date "2019.10.13"]
[Round "4"]
[Board "5"]
[White "Lapcevic, Milos"]
[Black "Poetz, Florian"]
[Result "1/2-1/2"]
[WhiteElo "2375"]
[BlackElo "2422"]
[PlyCount "63"]
[EventDate "2019.10.10"]
[EventType "team"]
[EventRounds "11"]
[EventCountry "AUT"]
[WhiteTeam "mpimmo Wien - SK Ottakring"]
[BlackTeam "Spg. Sallegger Tech. Fuerstenfeld/Hartber"]

1.d4 Nf6 2.c4 e6 3.Nf3 c5 4.d5 d6 5.Nc3 exd5 6.cxd5 g6 7.e4 a6 8.a4 Bg4 9.Be2 Bxf3
10.Bxf3 Bg7 11.O-O Nbd7 12.Bf4 Qe7 13.Qd2 h6 14.Rfe1 Ne5 15.Be2 g5 16.Bg3 Ng6 17.f3
Nd7 18.Nd1 Bd4+ 19.Bf2 Bxf2+ 20.Nxf2 Nde5 21.b4 cxb4 22.Qxb4 O-O 23.Rab1 Rab8 24.Rec1
Nf4 25.Bf1 h5 26.Rc3 Qf6 27.g3 Nfg6 28.Be2 Nd7 29.Nd1 Nc5 30.a5 Rbc8 31.Rbc1 Rc7 32.Kg2 1/2-1/2

[Event "1. Bundesliga 2019/2020"]
[Site "Volkshaus Bindermichl, Linz"]
[Date "2019.10.13"]
[Round "4"]
[Board "6"]
[White "Freitag, Manfred"]
[Black "Schneider-Zinner, Harald"]
[Result "1-0"]
[WhiteElo "2356"]
[BlackElo "2381"]
[PlyCount "71"]
[EventDate "2019.10.10"]
[EventType "team"]
[EventRounds "11"]
[EventCountry "AUT"]
[WhiteTeam "Spg. Sallegger Tech. Fuerstenfeld/Hartber"]
[BlackTeam "mpimmo Wien - SK Ottakring"]

1.d4 Nf6 2.c4 e6 3.Nf3 Bb4+ 4.Nbd2 O-O 5.a3 Be7 6.e4 d5 7.e5 Nfd7 8.Bd3 c5 9.h4 g6
10.h5 cxd4 11.cxd5 Nc5 12.d6 Nxd3+ 13.Kf1 f5 14.dxe7 Qxe7 15.hxg6 hxg6 16.Nc4 Nxc1
17.Qxc1 f4 18.Qc2 Kg7 19.Nd6 Nc6 20.Rh4 Bd7 21.Rg4 Rf5 22.g3 Nxe5 23.Nxe5 Qxd6 24.Rxg6+
Kh7 25.Qxf5 Qa6+ 26.Kg1 exf5 27.Rxa6 bxa6 28.Nxd7 fxg3 29.fxg3 Rd8 30.Nc5 a5 31.Nd3
Kg6 32.Kf2 Kg5 33.Re1 Rh8 34.Re6 Rh1 35.Nf4 Rb1 36.Rg6# 1-0

[Event "1. Bundesliga 2019/2020"]
[Site "Volkshaus Bindermichl, Linz"]
[Date "2019.10.13"]
[Round "4"]
[Board "1"]
[White "Navara, David"]
[Black "Schneider, Ilja"]
[Result "1-0"]
[WhiteElo "2719"]
[BlackElo "2486"]
[PlyCount "69"]
[EventDate "2019.10.10"]
[EventType "team"]
[EventRounds "11"]
[EventCountry "AUT"]
[WhiteTeam "SC MPOE Maria Saal"]
[BlackTeam "SK Hohenems"]

1.e4 e5 2.Nf3 d6 3.d4 exd4 4.Nxd4 Nf6 5.Nc3 Be7 6.g3 Nc6 7.Nde2 O-O 8.Bg2 a5 9.O-O
a4 10.h3 a3 11.b3 Re8 12.Be3 Nb4 13.Qd2 Bd7 14.g4 Bc6 15.g5 Nd7 16.Nd4 Bf8 17.Nce2
Na6 18.Nxc6 bxc6 19.Nd4 c5 20.Nb5 Qb8 21.Nxa3 Nb4 22.Nc4 Rxa2 23.Rxa2 Nxa2 24.Ra1
Nb4 25.e5 Nxe5 26.Nxe5 dxe5 27.Ra8 Qxa8 28.Bxa8 Rxa8 29.c3 Nc6 30.Qd5 Ra6 31.Bxc5
Ra5 32.b4 Rxc5 33.bxc5 Ne7 34.Qxe5 c6 35.Qd6 1-0